00722nam a2200193 i 450000100060000000300090000600500170001500700030003200800410003524501210007625000120019726000420020930000360025170000350028770000360032285200320035899900170039095201210040775135ES-MaACL20230906172339.0t|040922s1979 sp ||||1| spa d00aBases farmacológicas de la terapéutica / cdirigido por Louis S. Goodman ; traducido por Roberto Espinosa Zarza. a5ª ed. a[Madrid] : bInteramericana, c[1979] aXVI, 1412 p. : bil. ; c26 cm.1 aGoodman, Louis Sanford.9591071 aEspinosa Zarza, Roberto.947924 aES-MaACLjF-6720 bR.100127 c75135d75135 00104070aATENEOMbATENEOMcDEPO2d2008-01-17eSCl0oF-6720p1078641r2023-02-23 00:00:00w2023-02-23yMONOGRAFIA